Interlagos Grand Prix 2025 - Statistics

General Stats
  • This quiz has been taken 5 times
  • The average score is 14 of 20
Answer Stats
Posicion Table % Correct
George Russell
100%
Kimi Antonelli
100%
Lando Norris
100%
Max Verstappen
100%
Oliver Bearman
100%
Oscar Piastri
100%
18º (DNF) Lewis Hamilton
80%
Liam Lawson
80%
11º Alex Albon
60%
13º Carlos Sainz
60%
19º (DNF) Charles Leclerc
60%
12º Estaban Ocon
60%
20º (DNF) Gabriel Bortoleto
60%
Isack Hadjar
60%
Nico Hulkenberg
60%
10º Pierre Gasly
60%
14º Fernando Alonso
40%
15º Franco Colapinto
40%
16º Lance Stroll
40%
17º Yuki Tsunoda
40%
No matching quizzes found
Score Distribution
Percent of People with Each Score
Percentile by Number Answered
Your Score History
You have not taken this quiz